Andreas-Hofer-Lied / Tiroler Landeshymne - Statistiken

Allgemein
  • Dieses Quiz wurde 19 mal gespielt
  • Das Durchschnittsergebnis liegt bei 19 aus 39
Antwortstatistiken
Antwort % Korrekt
In
89%
In
89%
In
89%
Mantua
89%
Mantua
89%
Zu
89%
Treue
78%
Banden
67%
Der
67%
Der
67%
Der
67%
Hofer
67%
War
67%
Tirol
56%
Tirol
56%
Ach
33%
Blutete
33%
Brüder
33%
Das / Sein
33%
Das / Sein
33%
Deutschland
33%
Es
33%
Feinde
33%
Führt
33%
Ganz
33%
Herz
33%
Ihm
33%
Ihm
33%
Ihn
33%
Land
33%
Land
33%
Mit
33%
Mit
33%
Schar
33%
Schmach
33%
Schmerz
33%
Tode
33%
Und
33%
Zum
33%
Keine übereinstimmenden Quizze gefunden
Verteilung der Resultate
Anzahl Personen mit jedem Resultat
Perzentil nach korrekt beantworteten Fragen
Ihre Resultats-Entwicklung
Sie haben dieses Quiz noch nicht gespielt